[Event "Open SSM Autunno"]
[Site "Milano ITA"]
[Date "2014.09.26"]
[Round "4"]
[White "Brisotto, Stefano"]
[Black "Verderame, Alberto"]
[WhiteElo "1464"]
[BlackElo "1474"]
[Result "1-0"]
[PlyCount "45"]
[EventDate "2014.09.16"]

1. e4 d6 2. d4 Nf6 3. Nc3 c6 4. f4 Qa5 5. Bd3 Bg4 6. Nf3 e5 7. dxe5 Bxf3 8.
Qxf3 dxe5 9. fxe5 Qxe5 10. Bf4 Qa5 11. O-O-O Bb4 12. Bd2 O-O 13. Kb1 Nbd7 14.
a3 Be7 15. Nd5 Qd8 16. Nxe7+ Qxe7 17. Bg5 Ne5 18. Bxf6 Qxf6 19. Qxf6 gxf6 20.
Rhf1 Ng4 21. Rf4 Nxh2 22. Rh1 h5 23. Rxh2 1-0

[Event "Open SSM Autunno"]
[Site "Milano ITA"]
[Date "2014.09.26"]
[Round "4"]
[White "Casamassima, Paolo"]
[Black "Greco, Giovanni"]
[WhiteElo "1687"]
[BlackElo "1484"]
[Result "1-0"]
[PlyCount "99"]
[EventDate "2014.09.16"]

1. d4 d5 2. c4 c6 3. e3 Nf6 4. Nc3 g6 5. g3 Bg7 6. b3 O-O 7. Bg2 Nbd7 8. cxd5
cxd5 9. Nxd5 $4 Nxd5 10. Bxd5 Nb6 $4 (10... Qa5+ $19) 11. Bg2 e5 12. Ne2 exd4
13. Nxd4 Bxd4 14. Qxd4 Qxd4 15. exd4 Rb8 16. O-O Be6 17. Bf4 Rbd8 18. Rad1 Bd5
19. Bh3 f5 20. Rfe1 Rfe8 21. Re5 Bc6 22. Bf1 Rxe5 23. Bxe5 Nd5 24. Rc1 Kf7 25.
a4 Ke7 26. h3 Nb6 27. Re1 Kf7 28. a5 Nd5 29. Bc4 Kf8 30. g4 fxg4 31. hxg4 Be8
32. g5 Bf7 33. Re4 Ne7 34. Bf6 Rd7 35. Bxe7+ Rxe7 36. Rf4 Ke8 37. Bxf7+ Rxf7
38. Rxf7 Kxf7 39. f4 Ke6 40. Kf2 Kd5 41. Ke3 b6 42. axb6 axb6 43. Kd3 b5 44. b4
Ke6 45. Ke4 Kd6 46. d5 Kd7 47. Ke5 Ke7 48. d6+ Kd7 49. Kd5 Kd8 50. Kc6 1-0

[Event "Open SSM Autunno"]
[Site "Milano ITA"]
[Date "2014.09.26"]
[Round "4"]
[White "Costa, Calogero"]
[Black "Zuliani, Francesco"]
[WhiteElo "1503"]
[BlackElo "1845"]
[Result "1/2-1/2"]
[PlyCount "76"]
[EventDate "2014.09.16"]

1. d4 Nf6 2. c4 g6 3. Nc3 Bg7 4. e4 O-O 5. Bd3 d6 6. Nge2 c5 7. O-O cxd4 8.
Nxd4 Nc6 9. Nc2 Ne5 10. Be2 Be6 11. Ne3 Rc8 12. Qb3 Rb8 13. Ned5 Nc6 14. Be3
Ng4 15. Bxg4 Bxg4 16. h3 Bd7 17. Qd1 b6 18. Rc1 Ne5 19. b3 Nc6 20. Qd2 f5 21.
Bh6 fxe4 22. Bxg7 Kxg7 23. Nxe4 Bf5 24. Ng3 Rb7 25. Nxf5+ Rxf5 26. Rce1 e5 27.
Ne3 Rf4 28. Nd5 Rf5 29. f4 exf4 30. Rxf4 Rbf7 31. Qc3+ Kg8 32. Rxf5 Rxf5 33.
Qe3 Ne5 34. Qh6 Rh5 35. Qe3 Rf5 36. Qh6 Qd7 37. Qe3 Qf7 38. Re2 Kg7 1/2-1/2

[Event "Open SSM Autunno"]
[Site "Milano ITA"]
[Date "2014.09.26"]
[Round "4"]
[White "Di Donato, Attilio"]
[Black "Madaschi, Sergio"]
[WhiteElo "1398"]
[BlackElo "1491"]
[Result "0-1"]
[PlyCount "30"]
[EventDate "2014.09.16"]

1. e4 c5 2. Nf3 Nc6 3. d3 g6 4. Nc3 Bg7 5. g4 d6 6. h3 e6 7. Bg5 Qb6 8. Rb1
Nge7 9. d4 cxd4 10. Na4 Qa5+ 11. c3 dxc3 12. bxc3 Bxc3+ 13. Nd2 Qxg5 14. Nxc3
Qc5 15. Qf3 O-O 0-1

[Event "Open SSM Autunno"]
[Site "Milano ITA"]
[Date "2014.09.26"]
[Round "4"]
[White "Di Paola, Antonio"]
[Black "Giaretta, Fulvio"]
[WhiteElo "1697"]
[BlackElo "1794"]
[Result "0-1"]
[PlyCount "72"]
[EventDate "2014.09.16"]

1. d4 Nf6 2. c4 e5 3. dxe5 Ng4 4. Nf3 Bb4+ 5. Bd2 Bxd2+ 6. Qxd2 Qe7 7. e3 Nxe5
8. Nxe5 Qxe5 9. Be2 Nc6 10. Nc3 Ne7 11. O-O O-O 12. b4 a6 13. Rfd1 d6 14. Rac1
Be6 15. Nd5 Bxd5 16. cxd5 Rac8 17. Bg4 f5 18. Bf3 Ng6 19. g3 Qe7 20. Rc3 Ne5
21. Bg2 h5 22. Rdc1 g6 23. Qc2 Rf7 24. a4 Rg7 25. h4 Qf7 26. b5 axb5 27. axb5
b6 28. Ra1 Qe7 29. Ra7 Ng4 30. Bf3 Nf6 31. Rb7 Qf7 32. Rxb6 Nxd5 33. Bxd5 Qxd5
34. Rbc6 Ra8 35. Qb3 Ra1+ 36. Rc1 Rxc1+ 0-1

[Event "Open SSM Autunno"]
[Site "Milano ITA"]
[Date "2014.09.26"]
[Round "4"]
[White "Figini, Vittorio"]
[Black "Silari, Andrea"]
[WhiteElo "1453"]
[BlackElo "1717"]
[Result "1/2-1/2"]
[PlyCount "45"]
[EventDate "2014.09.16"]

1. e4 c5 2. Nf3 Nc6 3. d4 cxd4 4. Nxd4 Nf6 5. Nc3 d6 6. h3 e6 7. Be2 Be7 8. Be3
O-O 9. O-O a6 10. f4 Qc7 11. a3 Nxd4 12. Bxd4 e5 13. fxe5 dxe5 14. Be3 b5 15.
Bd3 Bc5 16. Qf3 Bb7 17. Kh1 Bxe3 18. Qxe3 Rfe8 19. g4 Rad8 20. Rad1 Rd6 21. Rf2
h6 22. Rfd2 Red8 23. Kg1 1/2-1/2

[Event "Open SSM Autunno"]
[Site "Milano ITA"]
[Date "2014.09.26"]
[Round "4"]
[White "Frignani, Alessandro"]
[Black "Bracco, Valter"]
[WhiteElo "1467"]
[BlackElo "1464"]
[Result "1/2-1/2"]
[PlyCount "40"]
[EventDate "2014.09.16"]

1. e4 c5 2. f4 e5 3. d3 Nc6 4. Nf3 d6 5. h3 Be7 6. g3 Bf6 7. Nc3 Nge7 8. Bg2
Bd7 9. Qe2 g6 10. Bd2 Bg7 11. a3 a6 12. g4 exf4 13. Bxf4 Be6 14. Be3 O-O 15.
Qd2 b6 16. g5 d5 17. exd5 Nxd5 18. Nxd5 Bxd5 19. Qf2 Qd7 20. c4 Be6 1/2-1/2

[Event "Open SSM Autunno"]
[Site "Milano ITA"]
[Date "2014.09.26"]
[Round "4"]
[White "Mingolla, Patrizio"]
[Black "Colica, Daniele"]
[WhiteElo "1626"]
[BlackElo "1710"]
[Result "1/2-1/2"]
[PlyCount "74"]
[EventDate "2014.09.16"]

1. e4 d5 2. exd5 Nf6 3. c4 e6 4. dxe6 Bxe6 5. Nf3 Nc6 6. d4 Bb4+ 7. Bd2 Qe7 8.
Qe2 Bg4 9. Qxe7+ Kxe7 10. Be2 Bxf3 11. Bxf3 Bxd2+ 12. Nxd2 Nxd4 13. O-O Rhe8
14. Rad1 Kf8 15. Rfe1 Nc2 16. Rxe8+ Rxe8 17. Kf1 g5 18. Nb3 c6 19. g4 Re7 20.
a3 Rd7 21. Rxd7 Nxd7 22. Be4 Nxa3 23. bxa3 Ne5 24. Nd2 Nxg4 25. h3 Nh6 26. Ke2
f5 27. Bc2 Ke7 28. f3 Kf6 29. Ke3 Nf7 30. Nb3 Ke5 31. Ke2 h5 32. Nc5 Nd6 33.
Nb3 g4 34. hxg4 hxg4 35. fxg4 fxg4 36. Kd3 b5 37. cxb5 Nxb5 1/2-1/2

[Event "Open SSM Autunno"]
[Site "Milano ITA"]
[Date "2014.09.26"]
[Round "4"]
[White "Miracola, Giorgia"]
[Black "Petrone, Gianmario"]
[WhiteElo "1814"]
[BlackElo "1963"]
[Result "1/2-1/2"]
[PlyCount "54"]
[EventDate "2014.09.16"]

1. Nf3 c5 2. e4 d6 3. d4 cxd4 4. Nxd4 Nf6 5. Nc3 a6 6. Bc4 e6 7. Bb3 b5 8. f3
Nbd7 9. Be3 Bb7 10. Qd2 Rc8 11. O-O-O Nc5 12. Kb1 Be7 13. g4 Nfd7 14. h4 b4 15.
Na4 Nxb3 16. cxb3 d5 17. exd5 Bxd5 18. Nf5 O-O 19. Nxe7+ Qxe7 20. Qf2 Qf6 21.
Rhf1 a5 22. h5 Rc6 23. Bd4 Qf4 24. Be3 Qf6 25. Bd4 Qf4 26. Be3 Qf6 27. Bd4 Qf4
1/2-1/2

[Event "Open SSM Autunno"]
[Site "Milano ITA"]
[Date "2014.09.26"]
[Round "4"]
[White "Nepi, Ezio"]
[Black "Ciciotti, Augusto"]
[WhiteElo "1950"]
[BlackElo "1910"]
[Result "1-0"]
[PlyCount "63"]
[EventDate "2014.09.16"]

1. e4 c5 2. Nf3 d6 3. Bb5+ Bd7 4. Bxd7+ Qxd7 5. O-O Nc6 6. c3 g6 7. d4 cxd4 8.
cxd4 Bg7 9. Nc3 e6 10. Bf4 Nge7 11. Nb5 Nc8 12. d5 Ne5 13. Nc3 Nxf3+ 14. Qxf3
e5 15. Be3 O-O 16. Qe2 a6 17. Rfc1 Ne7 18. a4 f5 19. f3 f4 20. Bf2 g5 21. a5
Rf6 22. Na4 Raf8 23. Nb6 Qd8 24. Rc2 Rh6 25. Rac1 Qe8 26. Rc7 Qh5 27. Rxe7
Qxh2+ 28. Kf1 Qh1+ 29. Bg1 g4 30. Rc8 gxf3 31. Qxf3 Bf6 32. Qg4+ 1-0

[Event "Open SSM Autunno"]
[Site "Milano ITA"]
[Date "2014.09.26"]
[Round "4"]
[White "Pelizzola, Danilo"]
[Black "Miracola, Massimiliano"]
[WhiteElo "2081"]
[BlackElo "2173"]
[Result "1/2-1/2"]
[PlyCount "55"]
[EventDate "2014.09.16"]

1. e4 c5 2. Nf3 Nc6 3. d4 cxd4 4. Nxd4 Nf6 5. Nc3 d6 6. Be2 e5 7. Nf3 h6 8. O-O
Be7 9. b3 O-O 10. Bb2 Bg4 11. Re1 Rc8 12. Qd2 Bxf3 13. Bxf3 Nd4 14. Qd3 Qa5 15.
Rec1 Rfd8 16. Ne2 d5 17. Nxd4 dxe4 18. Bxe4 Qb6 19. Qf3 exd4 20. Bxb7 Rc7 21.
Be4 Nxe4 22. Qxe4 Bf6 23. Rd1 Rdc8 24. Bxd4 Bxd4 25. Qxd4 Qxd4 26. Rxd4 Rxc2
27. f3 Rb2 28. Rad1 1/2-1/2

[Event "Open SSM Autunno"]
[Site "Milano ITA"]
[Date "2014.09.26"]
[Round "4"]
[White "Pollio, Ciro"]
[Black "Mei, Gianluca"]
[WhiteElo "1755"]
[BlackElo "1842"]
[Result "0-1"]
[PlyCount "62"]
[EventDate "2014.09.16"]

1. d4 d5 2. c4 dxc4 3. Nf3 a6 4. a4 Nf6 5. e3 Bg4 6. Bxc4 e6 7. O-O Be7 8. Nbd2
O-O 9. Qb3 Nc6 10. Bd3 Nb4 11. Bb1 c5 12. h3 Bh5 13. a5 Rc8 14. Ra4 Qd5 15. g4
Bg6 16. Bxg6 hxg6 17. dxc5 Qxc5 18. Nd4 Rfd8 19. N2f3 e5 20. Bd2 exd4 21. Bxb4
Qb5 22. Qa3 Rc4 23. Bxe7 Rxa4 24. Bxd8 Rxa3 25. bxa3 dxe3 26. fxe3 Ne4 27. Re1
Qb2 28. Bh4 Qxa3 29. Ng5 Nxg5 30. Bxg5 Qxa5 31. Rd1 Qxg5 0-1

[Event "Open SSM Autunno"]
[Site "Milano ITA"]
[Date "2014.09.26"]
[Round "4"]
[White "Spada, Maurizio"]
[Black "Miracola, Giuseppe"]
[WhiteElo "1611"]
[BlackElo "1365"]
[Result "1-0"]
[PlyCount "69"]
[EventDate "2014.09.16"]

1. e4 e6 2. d4 d5 3. Nc3 c6 4. Nf3 Nf6 5. Bg5 Be7 6. Bxf6 Bxf6 7. e5 Bg5 8. Bd3
h6 9. Ne2 Qb6 10. Nxg5 hxg5 11. Qc1 Na6 12. Qxg5 Qxb2 13. O-O g6 14. a3 Qb6 15.
c3 Rh5 16. Qg4 Qd8 17. f4 Qh4 18. Qxh4 Rxh4 19. g3 Rh5 20. Kg2 Bd7 21. g4 Rh7
22. f5 gxf5 23. gxf5 exf5 24. Bxf5 Bxf5 25. Rxf5 Rg7+ 26. Ng3 O-O-O 27. Raf1
Rd7 28. h4 Nc7 29. Kh3 Re7 30. Nh5 Rh7 31. Nf6 Rg7 32. h5 Ne6 33. h6 Ng5+ 34.
Kh4 Nh7 35. hxg7 1-0

[Event "Open SSM Autunno"]
[Site "Milano ITA"]
[Date "2014.09.30"]
[Round "5"]
[White "Bracco, Valter"]
[Black "Di Paola, Antonio"]
[WhiteElo "1464"]
[BlackElo "1697"]
[Result "1/2-1/2"]
[PlyCount "44"]
[EventDate "2014.09.16"]

1. e4 c6 2. Nc3 d5 3. Nf3 Bg4 4. h3 Bxf3 5. Qxf3 e6 6. d3 Nf6 7. Qg3 d4 8. Ne2
h6 9. Bd2 Qb6 10. b3 Nbd7 11. a4 e5 12. Rb1 h5 13. c3 c5 14. c4 Be7 15. Qf3
O-O-O 16. Ng3 Rdg8 17. Nf5 Qe6 18. g4 Ne8 19. Qd1 Nd6 20. a5 Nxf5 21. exf5 Qc6
22. Rg1 Re8 1/2-1/2

[Event "Open SSM Autunno"]
[Site "Milano ITA"]
[Date "2014.09.30"]
[Round "5"]
[White "Colica, Daniele"]
[Black "Casamassima, Paolo"]
[WhiteElo "1710"]
[BlackElo "1687"]
[Result "0-1"]
[PlyCount "132"]
[EventDate "2014.09.16"]

1. e4 c5 2. Nf3 e6 3. d3 Nc6 4. g3 g6 5. Bg2 Bg7 6. O-O d6 7. Nc3 a6 8. Be3 Qc7
9. Qd2 b5 10. Rae1 b4 11. Nd1 Bb7 12. d4 cxd4 13. Nxd4 Rb8 14. Nxc6 Bxc6 15. f4
Nf6 16. Nf2 O-O 17. e5 dxe5 18. fxe5 Nd5 19. Bc5 Rfd8 20. Bd6 Rxd6 21. exd6
Qxd6 22. Ne4 Qc7 23. Ng5 Bh6 24. h4 Qxg3 25. Qf2 Qxf2+ 26. Rxf2 Rf8 27. Ref1
Bxg5 28. hxg5 Bb5 29. Re1 Ne7 30. Re4 a5 31. Re5 Rb8 32. Rc5 Nf5 33. Bf1 Bxf1
34. Rxf1 Ra8 35. Rc7 Kg7 36. Rf4 Ra6 37. Rfc4 Rd6 38. R4c5 Ra6 39. Rb5 Nd6 40.
Rb8 h6 41. gxh6+ Kxh6 42. Rd7 Kg7 43. Rdd8 Nc4 44. Ra8 Rb6 45. Ra7 Rb5 46. Rda8
Rd5 47. Rc8 Nxb2 48. Rcc7 Rf5 49. c4 bxc3 50. Rxc3 g5 51. Ra3 Nc4 52. Ra4 Rc5
53. Kf2 e5 54. Kf3 Kg6 55. Rb7 f5 56. Kg2 g4 57. Rb1 Kg5 58. Kf2 Nd2 59. Rb8
Ne4+ 60. Kg2 Kf4 61. Rb3 Kg5 62. Rba3 Rc2+ 63. Kg1 Nd6 64. Rd3 Nc4 65. Rd8 Ne3
66. Rxa5 g3 0-1

[Event "Open SSM Autunno"]
[Site "Milano ITA"]
[Date "2014.09.30"]
[Round "5"]
[White "Frignani, Alessandro"]
[Black "Pollio, Ciro"]
[WhiteElo "1467"]
[BlackElo "1755"]
[Result "0-1"]
[PlyCount "96"]
[EventDate "2014.09.16"]

1. e4 c5 2. f4 Nc6 3. Nf3 d5 4. d3 dxe4 5. dxe4 Qxd1+ 6. Kxd1 Nf6 7. Nc3 Bg4 8.
Be2 Rd8+ 9. Ke1 a6 10. Be3 Nb4 11. Rc1 e6 12. a3 Nc6 13. Na4 Nxe4 14. Nd2 Bf5
15. g4 Bg6 16. Nxe4 Bxe4 17. Rg1 Nd4 18. c4 Nc2+ 19. Kf2 Nxe3 20. Kxe3 Bc6 21.
Nc3 Be7 22. Rgd1 Rxd1 23. Rxd1 Bf6 24. Rd3 Bd4+ 25. Kd2 Ke7 26. Bf3 Bxf3 27.
Rxf3 Rd8 28. Ke2 f6 29. b3 b6 30. a4 h6 31. h3 Kf7 32. f5 exf5 33. gxf5 Bxc3
34. Rxc3 g6 35. fxg6+ Kxg6 36. Kf3 Rd1 37. Ke4 Rd4+ 38. Kf3 Kf5 39. Re3 Rd1 40.
Kg3 Rf1 41. Kh4 Rb1 42. Kh5 Kf4 43. Rc3 f5 44. Kxh6 Ke4 45. Kg5 f4 46. h4 f3
47. Kg4 Rg1+ 48. Kh3 f2 0-1

[Event "Open SSM Autunno"]
[Site "Milano ITA"]
[Date "2014.09.30"]
[Round "5"]
[White "Giaretta, Fulvio"]
[Black "Mingolla, Patrizio"]
[WhiteElo "1794"]
[BlackElo "1626"]
[Result "1-0"]
[PlyCount "61"]
[EventDate "2014.09.16"]

1. e4 e5 2. Nf3 Nc6 3. Bb5 Nf6 4. O-O d6 5. Re1 Be7 6. c3 O-O 7. d4 exd4 8.
cxd4 Bg4 9. Bxc6 bxc6 10. Nc3 Re8 11. Qd3 Qc8 12. Bg5 Qb7 13. Re2 Nh5 14. Bc1
g6 15. h3 Bxf3 16. Qxf3 Rad8 17. g4 Ng7 18. Be3 Qc8 19. Qg3 Rf8 20. f4 Qd7 21.
Rf1 f5 22. gxf5 gxf5 23. Rg2 Rf7 24. d5 c5 25. e5 dxe5 26. fxe5 Kh8 27. e6 Nxe6
28. dxe6 Qxe6 29. Re1 Bd6 30. Qh4 Re8 31. Bd4+ 1-0

[Event "Open SSM Autunno"]
[Site "Milano ITA"]
[Date "2014.09.30"]
[Round "5"]
[White "Invernizzi, Ferruccio"]
[Black "Greco, Giovanni"]
[WhiteElo "1627"]
[BlackElo "1484"]
[Result "1-0"]
[PlyCount "54"]
[EventDate "2014.09.16"]

1. e4 e5 2. Nf3 Nc6 3. d4 exd4 4. Nxd4 Nxd4 5. Qxd4 d6 6. Bc4 Qf6 7. Be3 g6 8.
O-O Bg7 9. c3 Ne7 10. Qxf6 Bxf6 11. Bh6 b6 12. Nd2 Ng8 13. Be3 Ne7 14. Bd4 Be5
15. f4 Bxd4+ 16. cxd4 f5 17. e5 dxe5 18. dxe5 Bb7 19. Rac1 O-O-O 20. Nf3 Nd5
21. Ng5 Rd7 22. e6 Re7 23. Bb5 c6 24. Bxc6 Bxc6 25. Rxc6+ Rc7 26. Rxc7+ Kxc7
27. Rc1+ Kd6 1-0

[Event "Open SSM Autunno"]
[Site "Milano ITA"]
[Date "2014.09.30"]
[Round "5"]
[White "Mei, Gianluca"]
[Black "Costa, Calogero"]
[WhiteElo "1842"]
[BlackElo "1503"]
[Result "1/2-1/2"]
[PlyCount "84"]
[EventDate "2014.09.16"]

1. e4 c5 2. Nc3 Nc6 3. g3 g6 4. Bg2 Bg7 5. d3 d6 6. f4 Nf6 7. Nf3 e5 8. O-O Bg4
9. h3 Bxf3 10. Bxf3 Qd7 11. Kg2 h6 12. Be3 O-O 13. Qd2 Kh7 14. g4 Nd4 15. g5
Nxf3 16. Rxf3 hxg5 17. fxg5 Nh5 18. Nd5 f5 19. gxf6 Nxf6 20. Nxf6+ Bxf6 21. Bh6
Bg7 22. Bxg7 Rxf3 23. Qh6+ Kg8 24. Kxf3 Qxg7 25. Qxg7+ Kxg7 26. Kg2 Rf8 27. Rf1
Rxf1 28. Kxf1 Kf6 29. Kf2 Kg5 30. Kg3 b5 31. b3 b4 32. h4+ Kh5 33. Kh3 a6 34.
Kg3 g5 35. hxg5 Kxg5 36. Kf3 Kh4 37. Kf2 Kg4 38. Kg2 Kf4 39. Kf2 a5 40. Ke2 Kg3
41. Ke3 Kg4 42. Ke2 Kg3 1/2-1/2

[Event "Open SSM Autunno"]
[Site "Milano ITA"]
[Date "2014.09.30"]
[Round "5"]
[White "Miracola, Giuseppe"]
[Black "Di Donato, Attilio"]
[WhiteElo "1365"]
[BlackElo "1398"]
[Result "1-0"]
[PlyCount "21"]
[EventDate "2014.09.16"]

1. e4 e5 2. Nc3 Nc6 3. Bc4 Nf6 4. Nf3 h6 5. a3 g5 6. d3 Rg8 7. O-O a6 8. Be3 b5
9. Bd5 Rb8 10. d4 d6 11. Bxc6+ 1-0

[Event "Open SSM Autunno"]
[Site "Milano ITA"]
[Date "2014.09.30"]
[Round "5"]
[White "Miracola, Massimiliano"]
[Black "Nepi, Ezio"]
[WhiteElo "2173"]
[BlackElo "1950"]
[Result "1/2-1/2"]
[PlyCount "60"]
[EventDate "2014.09.16"]

1. e4 c5 2. Nf3 d6 3. d4 cxd4 4. Nxd4 Nf6 5. Nc3 Nc6 6. Bg5 Bd7 7. Qd2 Rc8 8.
f4 Nxd4 9. Qxd4 Qa5 10. e5 dxe5 11. fxe5 e6 12. O-O-O Bc6 13. Bb5 Nd5 14. Nxd5
Bxb5 15. Qxa7 Bb4 16. Qxa5 Bxa5 17. Nc3 Bc6 18. Rd2 O-O 19. Re1 Bxc3 20. bxc3
Bd5 21. Kb2 Rc4 22. Rd4 Rfc8 23. Rxc4 Rxc4 24. g3 h6 25. Be7 Re4 26. Rxe4 Bxe4
27. Kb3 Kh7 28. Kb4 Kg6 29. Kc5 f6 30. Kd4 Bxc2 1/2-1/2

[Event "Open SSM Autunno"]
[Site "Milano ITA"]
[Date "2014.09.30"]
[Round "5"]
[White "Petrone, Gianmario"]
[Black "Pelizzola, Danilo"]
[WhiteElo "1963"]
[BlackElo "2081"]
[Result "1-0"]
[PlyCount "99"]
[EventDate "2014.09.16"]

1. e4 e5 2. Nf3 Nc6 3. Bc4 Bc5 4. c3 Nf6 5. d3 d6 6. Bb3 h6 7. Nbd2 a6 8. O-O
O-O 9. h3 Qe7 10. Re1 Ba7 11. Nf1 Be6 12. Be3 Rae8 13. Bxa7 Nxa7 14. d4 exd4
15. cxd4 Qd8 16. Ng3 c5 17. Rc1 Qb6 18. Bxe6 Rxe6 19. b3 Rfe8 20. e5 dxe5 21.
dxe5 Nh7 22. Qd5 Nc6 23. Qxc5 Qxc5 24. Rxc5 Ng5 25. Nxg5 hxg5 26. Rd1 Rxe5 27.
Rxe5 Nxe5 28. Ne4 f6 29. Nc5 b6 30. Nxa6 g4 31. hxg4 Nxg4 32. f3 Ra8 33. Nb4
Ne5 34. Rd6 b5 35. Rb6 Ra5 36. Kf2 Kf7 37. Ke2 g5 38. Ke3 Nd7 39. Ra6 Rxa6 40.
Nxa6 f5 41. Kd4 Kf6 42. Nc7 Nf8 43. Nxb5 Ne6+ 44. Ke3 Ke5 45. g3 Kd5 46. Nc3+
Kc5 47. a3 Nd4 48. Na4+ Kd5 49. Nb6+ Kc5 50. b4+ 1-0

[Event "Open SSM Autunno"]
[Site "Milano ITA"]
[Date "2014.09.30"]
[Round "5"]
[White "Silari, Andrea"]
[Black "Spada, Maurizio"]
[WhiteElo "1717"]
[BlackElo "1611"]
[Result "1/2-1/2"]
[PlyCount "78"]
[EventDate "2014.09.16"]

1. e4 e5 2. Nf3 Nf6 3. Nxe5 d6 4. Nf3 Nxe4 5. d4 d5 6. h3 Bd6 7. Bd3 Nc6 8. O-O
O-O 9. c4 Nb4 10. c5 Be7 11. a3 Nxd3 12. Qxd3 Bf5 13. Qd1 b6 14. b4 a5 15. Bb2
axb4 16. axb4 Rxa1 17. Bxa1 Qa8 18. Nc3 Nxc3 19. Bxc3 Qb7 20. Re1 Bf6 21. Ne5
bxc5 22. bxc5 c6 23. g4 Be6 24. Qa4 Bxe5 25. Rxe5 Ra8 26. Qc2 Ra3 27. Kg2 Qb3
28. Qxb3 Rxb3 29. Re3 g6 30. Kg3 Kg7 31. Bd2 Rxe3+ 32. Bxe3 h5 33. g5 Kf8 34.
Bf4 Ke8 35. h4 Kd7 36. Bd6 Bf5 37. Kf4 Ke6 38. Be5 Kd7 39. Bf6 Ke6 1/2-1/2

[Event "Open SSM Autunno"]
[Site "Milano ITA"]
[Date "2014.09.30"]
[Round "5"]
[White "Verderame, Alberto"]
[Black "Madaschi, sergio"]
[WhiteElo "1474"]
[BlackElo "1491"]
[Result "1/2-1/2"]
[PlyCount "66"]
[EventDate "2014.09.16"]

1. Nf3 Nf6 2. d4 d5 3. b3 g6 4. Bb2 Bg7 5. Nbd2 O-O 6. e3 Nbd7 7. Bd3 b6 8. O-O
Bb7 9. Ne5 e6 10. Qe1 c5 11. f4 Qc7 12. Rf3 Ne4 13. Rh3 Ndf6 14. Nf1 a6 15. Qh4
b5 16. Ng4 h5 17. Nf2 c4 18. Nxe4 dxe4 19. Be2 cxb3 20. Ba3 Rfc8 21. cxb3 Qa5
22. Be7 Nd5 23. Bc5 $4 Bf6 $4 (23... Rxc5 $19) 24. Qg3 Bg7 25. a3 Qc3 26. Rb1
Qc2 27. Qe1 Nc3 28. Bxh5 gxh5 29. Qh4 Qxb1 30. Qxh5 f6 31. Qh7+ Kf7 32. Qh5+
Kg8 33. Qh7+ Kf7 1/2-1/2

[Event "Open SSM Autunno"]
[Site "Milano ITA"]
[Date "2014.10.03"]
[Round "6"]
[White "Brisotto, Stefano"]
[Black "Invernizzi, Ferruccio"]
[WhiteElo "1464"]
[BlackElo "1627"]
[Result "0-1"]
[PlyCount "64"]
[EventDate "2014.09.16"]

1. e4 d6 2. d4 Nf6 3. Nc3 g6 4. f4 Bg7 5. Nf3 O-O 6. Bd3 Nc6 7. e5 dxe5 8. fxe5
Nd5 9. Nxd5 Qxd5 10. c3 Bg4 11. h3 Bxf3 12. Qxf3 Qxf3 13. gxf3 e6 14. Bg5 f6
15. Bxf6 Bxf6 16. exf6 Rxf6 17. Be4 Nd8 18. O-O-O c6 19. h4 Nf7 20. h5 g5 21.
Rhg1 h6 22. Rdf1 Nd6 23. Bg6 Raf8 24. Re1 Nf5 25. f4 Nh4 26. fxg5 Rxg6 27. hxg6
Nf3 28. gxh6 Nxg1 29. Rxg1 Rf2 30. h7+ Kg7 31. Rh1 Rf8 32. Kc2 Rh8 $138 0-1

[Event "Open SSM Autunno"]
[Site "Milano ITA"]
[Date "2014.10.03"]
[Round "6"]
[White "Casamassima, Paolo"]
[Black "Miracola, Massimiliano"]
[WhiteElo "1687"]
[BlackElo "2173"]
[Result "0-1"]
[PlyCount "90"]
[EventDate "2014.09.16"]

1. d4 d6 2. c4 Nd7 3. g3 e5 4. d5 g6 5. Bg2 Bg7 6. e4 Ne7 7. Nc3 O-O 8. Nge2 f5
9. exf5 Nxf5 10. O-O Nd4 11. Nxd4 exd4 12. Nb5 d3 13. Qxd3 Ne5 14. Qb3 Bf5 15.
Rd1 Ng4 16. Rf1 a6 17. Na3 Bd4 18. Be3 Nxe3 19. fxe3 Bb6 20. Kh1 Re8 21. Rae1
Re5 22. e4 Qe7 23. Qd3 Re8 24. Rf4 g5 25. Rxf5 Rxf5 26. Nc2 Rf6 27. b4 Bf2 28.
Re2 Qe5 29. Bh3 Kg7 30. Kg2 Bb6 31. Ne3 Bxe3 32. Qxe3 h6 33. c5 Qa1 34. Qg1
Qxg1+ 35. Kxg1 Rf3 36. Bd7 Rd8 37. c6 bxc6 38. dxc6 Rb8 39. Rb2 Re3 40. Bf5 Kf6
41. Kf2 Rc3 42. Bd7 Ke5 43. Rd2 Rxb4 44. Rd5+ Kxe4 45. Ra5 Rb2+ 0-1

[Event "Open SSM Autunno"]
[Site "Milano ITA"]
[Date "2014.10.03"]
[Round "6"]
[White "Ciciotti, Augusto"]
[Black "Mei, Gianluca"]
[WhiteElo "1910"]
[BlackElo "1842"]
[Result "1/2-1/2"]
[PlyCount "82"]
[EventDate "2014.09.16"]

1. d4 e6 2. c4 Nf6 3. Nf3 d5 4. g3 Be7 5. Bg2 O-O 6. O-O c6 7. Qc2 b6 8. Rd1
Bb7 9. Nbd2 Nbd7 10. e4 dxe4 11. Nxe4 Nxe4 12. Qxe4 Nf6 13. Qe2 Qc7 14. Bf4 Bd6
15. Ne5 Nd7 16. Rac1 Nxe5 17. dxe5 Be7 18. Rc3 Rfd8 19. Rd6 c5 20. Rcd3 Bxg2
21. Rxd8+ Rxd8 22. Rxd8+ Qxd8 23. Kxg2 Qa8+ 24. Qf3 Qxf3+ 25. Kxf3 Kf8 26. Ke4
Ke8 27. Bd2 Kd7 28. f4 g6 29. g4 Kc6 30. a4 a6 31. b3 Bh4 32. Kf3 Bd8 33. f5
Kd7 34. f6 Ke8 35. Be3 a5 36. Bd2 Bc7 37. Bc3 Kf8 38. Kf4 Kg8 39. Kg5 Bb8 40.
h4 Bc7 41. h5 Bb8 1/2-1/2

[Event "Open SSM Autunno"]
[Site "Milano ITA"]
[Date "2014.10.03"]
[Round "6"]
[White "Costa, Calogero"]
[Black "Giaretta, Fulvio"]
[WhiteElo "1503"]
[BlackElo "1794"]
[Result "1/2-1/2"]
[PlyCount "81"]
[EventDate "2014.09.16"]

1. d4 Nf6 2. c4 e5 3. dxe5 Ng4 4. Nf3 Bc5 5. e3 Nc6 6. Be2 Qe7 7. Nc3 Ngxe5 8.
Nxe5 Qxe5 9. O-O O-O 10. Nd5 Ne7 11. Nxe7+ Bxe7 12. Qc2 d6 13. Bd3 Qh5 14. Bd2
Be6 15. Bc3 Rad8 16. e4 c6 17. Rae1 f6 18. Re3 d5 19. exd5 Bd6 20. h3 Bd7 21.
Qe2 Qh6 22. Bd2 Bf4 23. Re1 Bxe3 24. Bxe3 g5 25. Qf3 Rfe8 26. Re2 Qg7 27. d6 g4
28. Qg3 gxh3 29. Qxg7+ Kxg7 30. c5 hxg2 31. Kxg2 Re5 32. Rc2 Bf5 33. Rc3 Bxd3
34. Rxd3 Rd7 35. a4 Re4 36. Bd4 Kf7 37. Kf3 Re1 38. Re3 Rb1 39. Rb3 Ra1 40. Rb4
a5 41. Rc4 1/2-1/2

[Event "Open SSM Autunno"]
[Site "Milano ITA"]
[Date "2014.10.03"]
[Round "6"]
[White "Di Donato, Attilio"]
[Black "Frignani, Alessandro"]
[WhiteElo "1398"]
[BlackElo "1467"]
[Result "0-1"]
[PlyCount "44"]
[EventDate "2014.09.16"]

1. e4 e5 2. Nf3 Qf6 3. a3 Bc5 4. d4 exd4 5. g3 Nc6 6. c3 Nge7 7. cxd4 Nxd4 8.
Bg2 Qb6 9. O-O d6 10. b4 Nxf3+ 11. Qxf3 Bd4 12. Be3 Bxe3 13. fxe3 Be6 14. Nd2
Ng6 15. Qe2 Ne5 16. h3 O-O 17. a4 a6 18. Rab1 c6 19. Nb3 Bc4 20. Qe1 Bxf1 21.
a5 Qa7 22. Rd1 Bxg2 0-1

[Event "Open SSM Autunno"]
[Site "Milano ITA"]
[Date "2014.10.03"]
[Round "6"]
[White "Greco, Giovanni"]
[Black "Verderame, Alberto"]
[WhiteElo "1484"]
[BlackElo "1474"]
[Result "0-1"]
[PlyCount "110"]
[EventDate "2014.09.16"]

1. d4 c6 2. c4 d5 3. Nc3 Nf6 4. Nf3 dxc4 5. a4 b6 6. e4 Ba6 7. Be2 e6 8. Bg5
Be7 9. O-O b5 10. axb5 cxb5 11. b3 b4 12. Na2 Nxe4 13. Bxe7 Qxe7 14. bxc4 Bb7
15. Qa4+ Bc6 16. Qxb4 Qxb4 17. Nxb4 O-O 18. Nxc6 Nxc6 19. Ra6 Rfc8 20. Rfa1
Rab8 21. d5 exd5 22. cxd5 Nb4 23. R6a4 Nc3 24. Ba6 Nxa4 25. Bxc8 Rxc8 26. d6
Kf8 27. d7 Rd8 28. Rxa4 Rxd7 29. Ra1 a5 30. g3 Ra7 31. Kf1 a4 32. Nd4 Ra6 33.
Nb5 Ke7 34. Na3 Kd6 35. Rc1 Kd5 36. Ke2 Re6+ 37. Kd2 Rf6 38. Ke3 g5 39. Rc4 Rb6
40. Rc7 Re6+ 41. Kd2 Rf6 42. Ke3 g4 43. Rc4 Rf3+ 44. Ke2 Rxa3 45. Rxb4 Ra2+ 46.
Ke3 a3 47. Rxg4 Rb2 48. Ra4 a2 49. h4 Kc5 50. f4 Kb5 51. Ra7 Kb4 52. Rb7+ Kc3
53. Rc7+ Kb3 54. Rb7+ Kc2 55. Rc7+ Kb1 0-1